<?xml version="1.0" encoding="UTF-8"?>
<record
    xmlns:xsi="http://www.w3.org/2001/XMLSchema-instance"
    xsi:schemaLocation="http://www.loc.gov/MARC21/slim http://www.loc.gov/standards/marcxml/schema/MARC21slim.xsd"
    xmlns="http://www.loc.gov/MARC21/slim">

  <leader>00896nam a22002297a 4500</leader>
  <controlfield tag="001">3828</controlfield>
  <controlfield tag="003">FISKH</controlfield>
  <controlfield tag="005">20250821133033.0</controlfield>
  <controlfield tag="008">240515b        cb ||||| |||| 00| 0 eng d</controlfield>
  <datafield tag="020" ind1=" " ind2=" ">
    <subfield code="a">9781848102330</subfield>
  </datafield>
  <datafield tag="040" ind1=" " ind2=" ">
    <subfield code="a">FISKH</subfield>
    <subfield code="b">eng</subfield>
    <subfield code="c">FISKH</subfield>
    <subfield code="d">FISKH</subfield>
  </datafield>
  <datafield tag="050" ind1=" " ind2=" ">
    <subfield code="a">TL570.B393</subfield>
  </datafield>
  <datafield tag="082" ind1=" " ind2=" ">
    <subfield code="a">629.13 </subfield>
  </datafield>
  <datafield tag="100" ind1=" " ind2=" ">
    <subfield code="a">Becklake, Sue </subfield>
  </datafield>
  <datafield tag="245" ind1=" " ind2=" ">
    <subfield code="a">Flight :</subfield>
    <subfield code="b">Projects. Quizzes. Fun Facts. Cartoon / </subfield>
    <subfield code="c">Sue Becklake ; Consultant : Chris Oxlade </subfield>
  </datafield>
  <datafield tag="260" ind1=" " ind2=" ">
    <subfield code="a">San Diego : </subfield>
    <subfield code="b">Silver Dolphin Books, </subfield>
    <subfield code="c">2008.</subfield>
  </datafield>
  <datafield tag="300" ind1=" " ind2=" ">
    <subfield code="a">48 pages : </subfield>
    <subfield code="b">color illustrations ; </subfield>
    <subfield code="c">30 cm</subfield>
  </datafield>
  <datafield tag="490" ind1=" " ind2=" ">
    <subfield code="a">100 facts </subfield>
  </datafield>
  <datafield tag="520" ind1=" " ind2=" ">
    <subfield code="a">These 100 facts about flight are accompanied by detailed photographs to challenge children, acting as an incentive as they make their way through the book. Projects to make and do, amazing facts and cartoons add an extra element of fun.</subfield>
  </datafield>
  <datafield tag="650" ind1=" " ind2=" ">
    <subfield code="a">Airplanes </subfield>
    <subfield code="x">Aviation</subfield>
  </datafield>
  <datafield tag="942" ind1=" " ind2=" ">
    <subfield code="2">ddc</subfield>
    <subfield code="c">BK</subfield>
    <subfield code="n">0</subfield>
  </datafield>
  <datafield tag="999" ind1=" " ind2=" ">
    <subfield code="c">3828</subfield>
    <subfield code="d">3828</subfield>
  </datafield>
  <datafield tag="952" ind1=" " ind2=" ">
    <subfield code="0">0</subfield>
    <subfield code="1">0</subfield>
    <subfield code="2">ddc</subfield>
    <subfield code="4">0</subfield>
    <subfield code="7">0</subfield>
    <subfield code="8">NFIC</subfield>
    <subfield code="a">001</subfield>
    <subfield code="b">001</subfield>
    <subfield code="c">ATKSNF</subfield>
    <subfield code="d">2024-05-15</subfield>
    <subfield code="l">0</subfield>
    <subfield code="o">BEC 629.13 TL570.B393</subfield>
    <subfield code="p">2024-0614</subfield>
    <subfield code="r">2024-05-15 13:59:57</subfield>
    <subfield code="w">2024-05-15</subfield>
    <subfield code="y">BK</subfield>
  </datafield>
  <datafield tag="952" ind1=" " ind2=" ">
    <subfield code="0">0</subfield>
    <subfield code="1">0</subfield>
    <subfield code="2">ddc</subfield>
    <subfield code="4">0</subfield>
    <subfield code="7">0</subfield>
    <subfield code="8">NFIC</subfield>
    <subfield code="a">002</subfield>
    <subfield code="b">002</subfield>
    <subfield code="c">SNS</subfield>
    <subfield code="d">2025-08-21</subfield>
    <subfield code="l">0</subfield>
    <subfield code="o">BEC 629.13 TL570.B393</subfield>
    <subfield code="p">2025-4192</subfield>
    <subfield code="r">2025-08-21 13:30:31</subfield>
    <subfield code="t">2</subfield>
    <subfield code="w">2025-08-21</subfield>
    <subfield code="y">BK</subfield>
  </datafield>
</record>
